[Event "Challenge"]
[Site "http://www.queenalice.com/game.php?id=574089"]
[Date "2009.4.18"]
[Round "-"]
[White "isperandio"]
[Black "dmdagnone"]
[Result "1-0"]
[WhiteElo "1644"]
[BlackElo "1600"]

1. d4 Nf6 2. Nf3 d5 3. c4 dxc4 4. e3 b5 5. a4 Bd7 6. axb5 Bxb5 7. Bxc4 a6 8.
Bxb5+ c6 9. Ba4 e6 10. Ne5 Bb4+ 11. Nc3 Qd6 12. O-O O-O 13. Qc2 Nbd7 14. Nc4 Qc7
15. Na2 Bd6 16. Nxd6 Qxd6 17. h3 c5 18. Bxd7 Nxd7 19. Bd2 cxd4 20. Bb4 Qe5 21.
Bxf8 Nxf8 22. Rfe1 dxe3 23. Rxe3 Qf6 24. Rd1 Rb8 25. b3 Ng6 26. Rf3 Qe7 27. Re3
Nf4 28. Rd4 Qg5 29. Rg3 Qe5 30. Rc4 g6 31. Rc8+ Rxc8 32. Qxc8+ Kg7 33. Nc3 Qe1+
34. Kh2 h5 35. h4 Qxf2 36. Ne4 Qf1 37. Qc3+ Kh7 38. Ng5+ Kg8 39. Qc8+ Kg7 40.
Qc3+ Kg8 41. Qf6 Qd1 42. Qxf7+ 1-0

[Event "Challenge"]
[Site "http://www.queenalice.com/game.php?id=574155"]
[Date "2009.4.18"]
[Round "-"]
[White "isperandio"]
[Black "Cruzeiro"]
[Result "1-0"]
[WhiteElo "1615"]
[BlackElo "1375"]

1. d4 d5 2. c4 e6 3. Nc3 c6 4. e3 Nf6 5. a3 a6 6. b3 Bd6 7. Nf3 h6 8. Bd3 Qa5 9.
Bb2 b5 10. c5 Be7 11. O-O Ng4 12. b4 Qc7 13. h3 Nf6 14. Ne2 g5 15. a4 a5 16.
axb5 cxb5 17. Bxb5+ Kd8 18. Ne5 Rf8 19. Qa4 Ba6 20. bxa5 g4 21. hxg4 Bb7 22. Qb4
Rg8 23. Nxf7+ Kc8 24. Nxh6 Rxg4 25. Nxg4 Nxg4 26. g3 Bh4 27. Bc1 Nc6 28. Bxc6
Bxc6 29. Rd1 Kd7 30. Qb1 Rb8 31. Qh7+ Be7 32. a6 e5 33. Qf5+ Ke8 34. Qxg4 e4 35.
Nf4 Qd7 36. Qg6+ Kd8 37. Qg8+ Kc7 38. Ne6+ Qxe6 39. Qxe6 Bd7 40. Qxe7 1-0

[Event "AUTO-OPEN-1522"]
[Site "http://www.queenalice.com/game.php?id=575299"]
[Date "2009.4.21"]
[Round "1"]
[White "isperandio"]
[Black "jope"]
[Result "0-1"]
[WhiteElo "1719"]
[BlackElo "1783"]

1. d4 d5 2. c4 c6 3. Nf3 h6 4. e3 Nf6 5. Nc3 dxc4 6. Bxc4 b5 7. Bd3 e6 8. O-O g6
9. e4 Bg7 10. e5 Nh7 11. a3 O-O 12. Be3 f6 13. exf6 Qxf6 14. Ne4 Qe7 15. Bf4
Rxf4 16. Ne5 Bxe5 17. dxe5 Bb7 18. Qd2 g5 0-1

[Event "AUTO-OPEN-1522"]
[Site "http://www.queenalice.com/game.php?id=575300"]
[Date "2009.4.21"]
[Round "1"]
[White "jope"]
[Black "isperandio"]
[Result "1-0"]
[WhiteElo "1803"]
[BlackElo "1672"]

1. e4 c5 2. f4 Nc6 3. Bb5 Nd4 4. Bc4 d6 5. f5 Nf6 6. c3 Nc6 7. d3 h6 8. Nf3 e5
9. Be3 a6 10. Nbd2 Bd7 11. Qe2 b5 12. Bb3 Be7 13. O-O O-O 14. c4 b4 15. h3 Na5
16. Bd1 Nc6 17. b3 a5 18. Nh2 Rb8 19. Ng4 Nxg4 20. Qxg4 Bg5 21. Bxg5 hxg5 22.
Nf3 f6 23. h4 gxh4 24. Nxh4 1-0

[Event "AUTO-OPEN-1522"]
[Site "http://www.queenalice.com/game.php?id=575301"]
[Date "2009.4.21"]
[Round "1"]
[White "isperandio"]
[Black "Matuto_do_Vale"]
[Result "0-1"]
[WhiteElo "1682"]
[BlackElo "1812"]

1. d4 d5 2. c4 e6 3. Nc3 Bb4 4. cxd5 exd5 5. a3 Bxc3+ 6. bxc3 Ne7 7. Nf3 h6 8.
g3 O-O 9. e3 Bg4 10. Bg2 Nbc6 11. O-O a5 12. a4 Rb8 13. Ba3 b5 14. axb5 Na7 15.
Bxe7 Qxe7 16. Rxa5 Nxb5 17. Qd3 Nd6 18. Rxd5 f5 19. Re5 Qd7 20. c4 Qa4 21. c5
Rb3 22. Qd1 Rfb8 23. cxd6 cxd6 24. Rd5 Qc6 25. Ne5 Bxd1 26. Nxc6 R8b6 27. Rxd6
Bc2 28. Ne7+ Kh7 29. Rxb6 Rxb6 30. Nxf5 Bxf5 0-1

[Event "AUTO-OPEN-1522"]
[Site "http://www.queenalice.com/game.php?id=575302"]
[Date "2009.4.21"]
[Round "1"]
[White "Matuto_do_Vale"]
[Black "isperandio"]
[Result "1-0"]
[WhiteElo "1768"]
[BlackElo "1834"]

1. b3 c5 2. Bb2 d6 3. e3 Nc6 4. Bb5 Bd7 5. d3 e5 6. f4 exf4 7. exf4 Qh4+ 8. g3
Qe7+ 9. Qe2 a6 10. Bc4 Qxe2+ 11. Nxe2 b5 12. Bd5 Nge7 13. Be4 d5 14. Bf3 d4 15.
Nd2 Nb4 16. O-O Nxc2 17. Rac1 Ne3 18. Bxa8 Nxf1 19. Kxf1 Nc6 20. Bxc6 Bxc6 21.
g4 Bf3 22. Nxf3 Bd6 23. Bxd4 c4 24. dxc4 O-O 25. cxb5 axb5 26. Bc5 Rd8 27. Bxd6
1-0

[Event "AUTO-OPEN-1522"]
[Site "http://www.queenalice.com/game.php?id=575303"]
[Date "2009.4.21"]
[Round "1"]
[White "isperandio"]
[Black "domino429"]
[Result "0-1"]
[WhiteElo "1703"]
[BlackElo "1698"]

1. d4 e6 2. c4 Bb4+ 3. Bd2 Nc6 4. Nf3 Nf6 5. a3 Ba5 6. b4 Bb6 7. c5 Nd5 8. cxb6
Nxb6 9. e3 O-O 10. b5 Ne7 11. Bd3 d5 12. O-O f5 13. Ne5 a6 14. a4 axb5 15. Bxb5
c6 16. Bd3 Bd7 17. a5 Nc4 18. Bxc4 dxc4 19. Nxc4 Nd5 20. Nd6 Qc7 21. Nc4 c5 22.
Qb3 b6 23. h3 b5 24. Ne5 c4 25. Qc2 Rfc8 26. Nxd7 Qxd7 0-1

[Event "AUTO-OPEN-1522"]
[Site "http://www.queenalice.com/game.php?id=575304"]
[Date "2009.4.21"]
[Round "1"]
[White "domino429"]
[Black "isperandio"]
[Result "0-1"]
[WhiteElo "1728"]
[BlackElo "1655"]

1. e4 c5 2. Nf3 Nc6 3. d4 cxd4 4. Nxd4 e5 5. Nxc6 bxc6 6. Bc4 Nf6 7. f3 d6 8.
O-O Be7 9. Be3 c5 10. Nc3 Bb7 11. Bb5+ Nd7 12. Bxd7+ Qxd7 13. a4 Ba6 14. Re1 Rb8
15. b3 O-O 16. g3 f5 17. Nd5 fxe4 18. Nxe7+ Qxe7 19. Qd5+ Qf7 20. Qc6 Rb6 21.
Qxe4 Bb7 22. Qg4 Bxf3 23. Qc4 Bd5 24. Qc3 Qf3 25. Rad1 Qg2# 0-1

[Event "Challenge"]
[Site "http://www.queenalice.com/game.php?id=575356"]
[Date "2009.4.21"]
[Round "-"]
[White "isperandio"]
[Black "vinicius123"]
[Result "0-1"]
[WhiteElo "1653"]
[BlackElo "1478"]

1. d4 Nf6 2. c4 g6 3. Bf4 Bg7 4. Nc3 e6 5. e3 O-O 6. Nf3 d6 7. Bd3 Nc6 8. a3 b6
9. b4 Bb7 10. O-O Qe7 11. Rc1 Nh5 12. Ne2 e5 13. d5 Nd8 14. Bg5 f6 15. Bh4 Bh6
16. Ng3 Nxg3 17. Bxg3 f5 18. Qd2 e4 19. Bf4 Bg7 20. Bg5 Qf7 21. Bxd8 exf3 22.
Bh4 fxg2 23. Kxg2 c5 24. b5 a6 25. a4 axb5 26. axb5 Bh6 0-1

[Event "Challenge"]
[Site "http://www.queenalice.com/game.php?id=600714"]
[Date "2009.6.9"]
[Round "-"]
[White "isperandio"]
[Black "theblackfox"]
[Result "0-1"]
[WhiteElo "1623"]
[BlackElo "1887"]

1. d4 d5 2. c4 Nf6 3. e3 Nc6 4. Nc3 e5 5. dxe5 Nxe5 6. cxd5 Nxd5 7. Nxd5 Be6 8.
Nc3 Qxd1+ 9. Nxd1 O-O-O 10. Be2 Bb4+ 11. Nc3 a5 12. a3 Bc5 13. b4 Bd6 14. bxa5
h5 15. Nf3 h4 16. h3 c6 17. Ne4 f5 18. Neg5 Bb3 19. O-O Bc4 20. Bxc4 Nxc4 21.
Ne6 Rde8 22. Nxg7 Reg8 23. Nxf5 Be5 24. Nxe5 Nxe5 25. Ne7+ Kc7 26. Nxg8 Rxg8 27.
Rd1 Nc4 28. Bd2 b6 29. axb6+ Nxb6 30. Ba5 Kb7 31. Rab1 Ka6 32. Bxb6 Rb8 33. Rd4
c5 34. Rxh4 Rxb6 35. Rxb6+ Kxb6 36. Rf4 Kb5 37. g4 c4 38. Rxc4 Kxc4 39. Kg2 Kb3
0-1

[Event "MAIS UMA V"]
[Site "http://www.queenalice.com/game.php?id=615762"]
[Date "2009.7.9"]
[Round "-"]
[White "perucona"]
[Black "isperandio"]
[Result "1-0"]
[WhiteElo "1592"]
[BlackElo "1594"]

1. e4 c5 2. d4 e6 3. d5 e5 4. Nf3 d6 5. Bb5+ Bd7 6. Bxd7+ Qxd7 7. O-O Be7 8. Nc3
h6 9. Re1 Nf6 10. Bd2 a6 11. Be3 O-O 12. Nh4 1-0